Normal view
MARC view
Entry Topical Term
001 - CONTROL NUMBER
- control field: 28562
003 - CONTROL NUMBER IDENTIFIER
- control field: OSt
005 - DATE AND TIME OF LATEST TRANSACTION
- control field: 20240926085606.0
008 - FIXED-LENGTH DATA ELEMENTS
- fixed length control field: 240926|| aca||aabn | a|a d
040 ## - CATALOGING SOURCE
- Original cataloging agency: OSt
- Transcribing agency: OSt
150 ## - HEADING--TOPICAL TERM
- Topical term or geographic name entry element: Fantasy fiction
- Form subdivision: Action and adventure
- Form subdivision: Fantasy fiction
- Form subdivision: Maya mythology
- Form subdivision: People with disabilities
- Form subdivision: Prophecies
670 ## - SOURCE DATA FOUND
- Source citation: Work cat.: (OSt): Cervantes, J. C. 28561, The storm runner / , 2018